All DC And Marvel Movies (1977-2020) - Statistics

General Stats
  • This quiz has been taken 391 times
  • The average score is 56 of 82
Answer Stats
Hint Answer % Correct
1989 Batman
97%
2004 Batman Begins
97%
2013 Man Of Steel
95%
2006 Superman Returns
93%
1977 Superman: The Movie
93%
2008 Iron Man
90%
2012 Amazing Spider-Man
89%
2011 Captain America: The First Avenger
89%
2002 Spider-Man
89%
2017 Spider-Man: Homecoming
89%
2012 Marvel's The Avengers
87%
2019 Avengers: Endgame
86%
2003 Hulk
86%
2008 The Incredible Hulk
86%
2011 Thor
86%
2013 Iron Man 3
85%
2010 Iron Man 2
84%
2019 Spider-Man: Far From Home
84%
2008 The Dark Knight
84%
2018 Avengers: Infinity War
83%
2017 Wonder Woman
83%
2015 Avengers: Age Of Ultron
82%
2013 Thor: The Dark World
82%
2016 Captain America: Civil War
81%
2017 Thor: Ragnarok
81%
2014 Amazing Spider-Man 2
80%
2019 Captain Marvel
80%
2019 Shazam
80%
2004 Spider-Man 2
78%
2007 Spider-Man 3
78%
2015 Ant-Man
77%
2017 Justice League
77%
2000 X-Men
77%
2018 Aquaman
76%
2018 Black Panther
75%
2014 Captain America: The Winter Soldier
75%
2014 Guardians Of The Galaxy
74%
2018 Ant-Man And The Wasp
71%
2016 Doctor Strange
71%
2017 Guardians Of The Galaxy Vol. 2.
71%
2017 Logan
71%
1997 Batman And Robin
70%
2016 Batman V. Superman: Dawn Of Justice
70%
1980 Superman II
70%
1984 Superman III
70%
2012 The Dark Knight Rises
70%
2009 X-Men Origins: Wolverine
70%
2003 X-2: X-Men United
68%
2006 X-Men: The Last Stand
67%
2016 Deadpool
66%
2013 The Wolverine
65%
2018 Deadpool 2
63%
2005 Fantastic Four
63%
2015 Fantastic Four
63%
1987 Superman IV: Quest For Peace
63%
2016 Suicide Squad
62%
2003 Daredevil
61%
1992 Batman Returns
60%
1998 Blade
60%
1995 Batman Forever
59%
2011 Green Lantern
58%
2016 X-Men: Apocalypse
57%
2014 X-Men: Days Of Future Past
57%
2011 X-Men: First Class
57%
2019 Joker
55%
2019 X-Men: Dark Phoenix
55%
2002 Blade II
54%
2004 Blade: Trinity
52%
2018 Venom
52%
2005 Elektra
51%
2007 Ghostrider
51%
2007 Fantastic Four: Rise Of The Silver Surfer
49%
2020 Bird's Of Prey
47%
2004 Punisher
47%
2011 Ghostrider: Spirit Of Vengeance
45%
2008 Punisher: War Zone
45%
2004 Catwoman
41%
1983 Supergirl
40%
2020 The New Mutants
36%
2009 Watchmen
32%
2010 Jonah Hex
24%
2010 The Losers
9%
No matching quizzes found
Score Distribution
Percent of People with Each Score
Percentile by Number Answered
Your Score History
You have not taken this quiz